Pleito del matrimonio / (Record no. 154865)

MARC details
000 -LEADER
campo de control de longitud fija 00966nam a2200217 i 4500
001 - NÚMERO DE CONTROL
campo de control 154865
003 - IDENTIFICADOR DE NÚMERO DE CONTROL
campo de control ES-MaACL
005 - FECHA Y HORA DE LA ÚLTIMA TRANSACCIÓN
campo de control 20250716053407.0
008 - DATOS DE LONGITUD FIJA--INFORMACIÓN GENERAL
campo de control de longitud fija 931228s1875 sp |||| | spa d
080 ## - NÚMERO DE LA CLASIFICACIÓN DECIMAL UNIVERSAL
Número de la Clasificación Decimal Universal 392
080 ## - NÚMERO DE LA CLASIFICACIÓN DECIMAL UNIVERSAL
Número de la Clasificación Decimal Universal 860-1"18"
100 1# - ENTRADA PRINCIPAL--NOMBRE DE PERSONA
Nombre de persona Guerrero, Teodoro.
9 (RLIN) 148902
245 10 - MENCIÓN DEL TÍTULO
Título Pleito del matrimonio /
Mención de responsabilidad, etc. entre T. Guerrero y R. Sepúlveda ; entendiendo en él como jueces y letrados Ángela Grassi ... [et al.].
250 ## - MENCION DE EDICION
Mención de edición 3a ed., corr. y aum.
260 ## - PUBLICACIÓN, DISTRIBUCIÓN, ETC.
Lugar de publicación, distribución, etc. Madrid :
Nombre del editor, distribuidor, etc. [s.n.],
Fecha de publicación, distribución, etc. 1875 (
Fabricante Imprenta, Estereotipia y Galvanoplastia de Aribau y Ca. (Sucesores de Rivadeneyra)
300 ## - DESCRIPCIÓN FÍSICA
Extensión 192 p. ;
Dimensiones 19 cm.
700 1# - ENTRADA AGREGADA--NOMBRE PERSONAL
Nombre de persona Sepúlveda, Ricardo,
Fechas asociadas al nombre 1846-1909
9 (RLIN) 132653
700 1# - ENTRADA AGREGADA--NOMBRE PERSONAL
Nombre de persona Grassi, Ángela,
Fechas asociadas al nombre 1826-1883
9 (RLIN) 59706
852 ## - LOCALIZACIÓN
Ubicación ES-MaACL
Número de control de estantería T-280-F-3
Nota libre -- Enc. hol. falto de la cub. original
-- -- Dedicatoria ms. de Ricardo Sepúlveda al Ateneo cientifico, literario y artistico de Madrid
-- -- Enc. en un vol. facticio
Holdings
Estatus retirado Estado de pérdida Estado de daño No para préstamo Colección Biblioteca de origen Biblioteca actual Ubicación en estantería Fecha de adquisición Total de préstamos Signatura topográfica completa Código de barras Visto por última vez Precio de reemplazo Tipo de ítem Koha
        Colección de folletos Biblioteca del Ateneo de Madrid Biblioteca del Ateneo de Madrid Depósito folletos 17/01/2008   T-280-F-3 1161989 23/02/2023 23/02/2023 Folleto